Normal view
MARC view
- Reis, Dalcacio
Entry Personal Name
001 - CONTROL NUMBER
- control field: 120605
003 - CONTROL NUMBER IDENTIFIER
- control field: NUST
005 - DATE AND TIME OF LATEST TRANSACTION
- control field: 20240216091408.0
008 - FIXED-LENGTH DATA ELEMENTS
- fixed length control field: 240216|| aca||aabn | a|a d
040 ## - CATALOGING SOURCE
- Original cataloging agency: NUST
- Transcribing agency: NUST
100 ## - HEADING--PERSONAL NAME
- Personal name: Reis, Dalcacio
670 ## - SOURCE DATA FOUND
- Source citation: Work cat.: (NUST): Reis, Dalcacio., Product design in the sustainable era /, c2010.
